Statistics for 2023-2024 Premier League Teams in 2 Minutes

Click here to take the quiz!

General Stats

  • This quiz has been taken 38 times
  • The average score is 17 of 20

Answer Stats

Answer% Correct
Liverpool
100%
Manchester City
100%
Manchester United
100%
Arsenal
97%
Newcastle
97%
Tottenham Hotspur
94%
Chelsea
91%
Aston Villa
88%
Brighton
88%
Crystal Palace
88%
Burnley
85%
Luton Town
85%
Everton
82%
Nottingham Forest
82%
Bournemouth
79%
Sheffield United
79%
West Ham United
79%
Wolves
76%
Brentford
73%
Fulham
73%

Score Distribution

Percentile by Number Answered

Percent of People with Each Score

Your Score History

You have not taken this quiz